Vocabulario de refranes y frases proverbiales (1627) / (Record no. 17654)

MARC details
000 -LEADER
campo de control de longitud fija 00927nam a2200265 i 4500
001 - NÚMERO DE CONTROL
campo de control 17654
003 - IDENTIFICADOR DE NÚMERO DE CONTROL
campo de control ES-MaACL
005 - FECHA Y HORA DE LA ÚLTIMA TRANSACCIÓN
campo de control 20230906151632.0
007 - CAMPO FIJO DE DESCRIPCIÓN FÍSICA--INFORMACIÓN GENERAL
campo de control de longitud fija t|
008 - DATOS DE LONGITUD FIJA--INFORMACIÓN GENERAL
campo de control de longitud fija 010419s2000 sp |||| | spa d
020 ## - NÚMERO INTERNACIONAL ESTÁNDAR DEL LIBRO
Número Internacional Estándar del Libro 84-7039-876-8
080 ## - NÚMERO DE LA CLASIFICACIÓN DECIMAL UNIVERSAL
Número de la Clasificación Decimal Universal 398.9(460)(082.2)
100 1# - ENTRADA PRINCIPAL--NOMBRE DE PERSONA
Nombre de persona Correas, Gonzalo.
9 (RLIN) 40766
245 10 - MENCIÓN DEL TÍTULO
Título Vocabulario de refranes y frases proverbiales (1627) /
Mención de responsabilidad, etc. Gonzalo Correas ; edición de Louis Combet revisada por Robert Jammes y Maïte Mir-Andreu.
260 ## - PUBLICACIÓN, DISTRIBUCIÓN, ETC.
Lugar de publicación, distribución, etc. Madrid :
Nombre del editor, distribuidor, etc. Castalia,
Fecha de publicación, distribución, etc. [2000]
300 ## - DESCRIPCIÓN FÍSICA
Extensión XXXIII, 1177 p. ;
Dimensiones 25 cm.
490 1# - MENCIÓN DE SERIE
Mención de serie Nueva biblioteca de erudición y crítica
650 #4 - PUNTO DE ACCESO ADICIONAL DE MATERIA--TÉRMINO DE MATERIA
Término de materia o nombre geográfico como elemento de entrada Refranes y proverbios-
Subdivisión geográfica España-
Subdivisión de forma Diccionarios.
9 (RLIN) 16727
700 1# - ENTRADA AGREGADA--NOMBRE PERSONAL
Nombre de persona Combet, Louis.
9 (RLIN) 39975
700 1# - ENTRADA AGREGADA--NOMBRE PERSONAL
Nombre de persona Jammes, Robert.
9 (RLIN) 65989
700 1# - ENTRADA AGREGADA--NOMBRE PERSONAL
Nombre de persona Mir-Andreu, Maïte.
9 (RLIN) 81429
830 0# - PUNTO DE ACCESO ADICIONAL DE SERIE-TÍTULO UNIFORME
Título uniforme Nueva biblioteca de erudición y crítica
9 (RLIN) 180432
852 ## - LOCALIZACIÓN
Ubicación ES-MaACL
Número de control de estantería L-25873
Holdings
Estatus retirado Estado de pérdida Estado de daño No para préstamo Biblioteca de origen Biblioteca actual Ubicación en estantería Fecha de adquisición Fuente de adquisición Total de préstamos Signatura topográfica completa Código de barras Visto por última vez Precio de reemplazo Tipo de ítem Koha
        Biblioteca del Ateneo de Madrid Biblioteca del Ateneo de Madrid Depósito 2 17/01/2008     L-25873 1018010 23/02/2023 23/02/2023 Libro impreso